| Tag |
First Indicator |
Second Indicator |
Subfields |
| LEADER |
00000cam a22000001a 4500 |
| 001 |
in00002157708 |
| 006 |
m e d # |
| 007 |
cr mn mmmmabba |
| 008 |
880419s1768 nyu s s000 0 eng d |
| 005 |
20260331163958.5 |
| 035 |
|
|
|z w016177
|
| 035 |
|
|
|a MAAR8804191311B
|
| 035 |
|
|
|9 mwa91-8158
|
| 035 |
|
|
|a 325323
|
| 035 |
|
|
|a aas03016177
|
| 040 |
|
|
|a MWA
|c MWA
|e bdrb
|d UtOrBLW
|
| 110 |
1 |
|
|a New York (Colony).
|b Governor (1765-1769 : Moore)
|
| 245 |
1 |
4 |
|a The speech of His Excellency Sir Henry Moore, Baronet, captain general, and governor in chief, in and over the colony of New-York ... :
|b to His Majesty's Council, and the General Assembly, of the colony of New-York, on the 28th of October, 1768.
|
| 264 |
|
3 |
|a [New York] :
|b [Printed by Hugh Gaine],
|c [1768]
|
| 300 |
|
|
|a 1 sheet (2 pages)
|
| 336 |
|
|
|a text
|b txt
|2 rdacontent
|
| 337 |
|
|
|a computer
|b c
|2 rdamedia
|
| 338 |
|
|
|a online resource
|b cr
|2 rdacarrier
|
| 500 |
|
|
|a Concerning the regulation of trade with the Indians, and other matters.
|
| 500 |
|
|
|a Signed: H. Moore.
|
| 500 |
|
|
|a Ascribed to the press of Hugh Gaine by Evans.
|
| 510 |
4 |
|
|a Evans
|c 11003
|
| 530 |
|
|
|a Microform version available in the Readex Early American Imprints series.
|
| 533 |
|
|
|a Electronic text and image data.
|b [Chester, Vt. :
|c Readex, a division of Newsbank, Inc.,
|d 2002-2004.
|e Includes files in TIFF, GIF and PDF formats with inclusion of keyword searchable text.
|f (Early American imprints. First series ; no. 11003).
|
| 500 |
|
|
|a Electronic resource.
|
| 650 |
|
0 |
|a Indians of North America
|x Commerce
|z New York (State)
|
| 651 |
|
0 |
|a New York (State)
|x Politics and government
|y To 1775.
|
| 700 |
1 |
|
|a Moore, Henry,
|c Sir,
|d 1713-1769.
|
| 710 |
1 |
|
|a New York (Colony).
|b General Assembly.
|
| 710 |
1 |
|
|a New York (Colony).
|b Council.
|
| 752 |
|
|
|a United States
|b New York
|d New York.
|
| 830 |
|
0 |
|a Early American imprints.
|n Series I,
|p Evans (1639-1800) ;
|v no. 11003.
|
| 856 |
4 |
1 |
|u http://proxy.library.tamu.edu/login?url=https://opac.newsbank.com/select/evans/11003
|y Evans Digital Edition
|t 0
|
| 999 |
|
|
|a MARS
|
| 999 |
f |
f |
|s c7b08663-68d1-39b7-b792-12cb0718d51d
|i cc470000-2a5a-309b-ae3e-78b8707ea306
|t 0
|
| 952 |
f |
f |
|a Texas A&M University
|b College Station
|c Electronic Resources
|s www_evans
|d Available Online
|t 0
|h No information provided
|
| 998 |
f |
f |
|t 0
|l Available Online
|